El domador de tornados / (Record no. 16198)

MARC details
000 -LEADER
fixed length control field 02031pam a2200529 i 4500
001 - CONTROL NUMBER
control field 821777
003 - CONTROL NUMBER IDENTIFIER
control field DLC
005 - DATE AND TIME OF LATEST TRANSACTION
control field 20160913135724.0
008 - FIXED-LENGTH DATA ELEMENTS--GENERAL INFORMATION
fixed length control field 160109s2016 scua b b 000 1 spa
010 ## - LIBRARY OF CONGRESS CONTROL NUMBER
LC control number 2015037182
020 ## - INTERNATIONAL STANDARD BOOK NUMBER
International Standard Book Number 9781628557473 (spanish pbk.)
020 ## - INTERNATIONAL STANDARD BOOK NUMBER
International Standard Book Number 1628557478 (spanish pbk.)
035 ## - SYSTEM CONTROL NUMBER
System control number 784382
035 ## - SYSTEM CONTROL NUMBER
System control number (OCoLC)934432623
035 ## - SYSTEM CONTROL NUMBER
System control number 774177
035 ## - SYSTEM CONTROL NUMBER
System control number (OCoLC)ocn934432623
035 ## - SYSTEM CONTROL NUMBER
System control number 774177
035 ## - SYSTEM CONTROL NUMBER
System control number 784382
040 ## - CATALOGING SOURCE
Original cataloging agency DLC
Language of cataloging eng
Description conventions rda
Transcribing agency DLC
Modifying agency BDX
-- IFA
041 ## - LANGUAGE CODE
Language code of text/sound track or separate title spa
042 ## - AUTHENTICATION CODE
Authentication code lcac
-- pcc
049 ## - LOCAL HOLDINGS (OCLC)
Holding library IFAA
099 ## - LOCAL FREE-TEXT CALL NUMBER (OCLC)
Filing suffix 2016
999 ## - SYSTEM CONTROL NUMBERS (KOHA)
Koha Dewey Subclass [OBSOLETE] ESPANOL PICTURE BOOKS FIELDS 2016
100 1# - MAIN ENTRY--PERSONAL NAME
Personal name Fields, Terri,
Dates associated with a name 1948-
Relator term author.
245 13 - TITLE STATEMENT
Title El domador de tornados /
Statement of responsibility, etc. por Terri Fields ; ilustrado por Laura Jacques.
260 ## - PUBLICATION, DISTRIBUTION, ETC. (IMPRINT)
Place of publication, distribution, etc. Mt. Pleasant, SC :
Name of publisher, distributor, etc. Arbordale Publishing,
Date of publication, distribution, etc. [2016]
264 #1 - PRODUCTION, PUBLICATION, DISTRIBUTION, MANUFACTURE, AND COPYRIGHT NOTICE
Place of production, publication, distribution, manufacture Mt. Pleasant, SC :
Name of producer, publisher, distributor, manufacturer Arbordale Publishing,
Date of production, publication, distribution, manufacture, or copyright notice [2016]
300 ## - PHYSICAL DESCRIPTION
Extent 1 volume (unpaged) :
Other physical details color illustrations ;
Dimensions 25 cm
336 ## - CONTENT TYPE
Content type term text
Source rdacontent
336 ## - CONTENT TYPE
Content type term still image
Source rdacontent
337 ## - MEDIA TYPE
Media type term unmediated
Source rdamedia
338 ## - CARRIER TYPE
Carrier type term volume
Source rdacarrier
504 ## - BIBLIOGRAPHY, ETC. NOTE
Bibliography, etc Includes bibliographical references.
520 ## - SUMMARY, ETC.
Summary, etc. In this story based on The Emperor's new clothes, when Mayor Peacock commissions Travis the Tornado Tamer to protect the town, the weasel builds a transparent cover that he claims only smart and special people can see. Includes activities.
650 #0 - SUBJECT ADDED ENTRY--TOPICAL TERM
Topical term or geographic name as entry element Tricksters
Form subdivision Juvenile fiction.
650 #0 - SUBJECT ADDED ENTRY--TOPICAL TERM
Topical term or geographic name as entry element Tornadoes
Form subdivision Juvenile fiction.
650 #0 - SUBJECT ADDED ENTRY--TOPICAL TERM
Topical term or geographic name as entry element Mayors
Form subdivision Juvenile fiction.
650 #0 - SUBJECT ADDED ENTRY--TOPICAL TERM
Topical term or geographic name as entry element Animals
Form subdivision Juvenile fiction.
650 #0 - SUBJECT ADDED ENTRY--TOPICAL TERM
Topical term or geographic name as entry element Spanish language materials.
650 #7 - SUBJECT ADDED ENTRY--TOPICAL TERM
Topical term or geographic name as entry element Prestidigitadores
Form subdivision Novela juvenil.
Source of heading or term bidex
650 #7 - SUBJECT ADDED ENTRY--TOPICAL TERM
Topical term or geographic name as entry element Tornados
Form subdivision Novela juvenil.
Source of heading or term bidex
650 #7 - SUBJECT ADDED ENTRY--TOPICAL TERM
Topical term or geographic name as entry element Animales
Form subdivision Novela juvenil.
Source of heading or term bidex
700 1# - ADDED ENTRY--PERSONAL NAME
Personal name Jacques, Laura,
Relator term illustrator.
776 08 - ADDITIONAL PHYSICAL FORM ENTRY
Relationship information Online version:
Main entry heading Fields, Terri, 1948- author.
Title El domador de tornados
Place, publisher, and date of publication Mt. Pleasant, SC : Arbordale Publishing, [2016]
International Standard Book Number 9781628557619
Record control number (DLC) 2016001154
942 ## - ADDED ENTRY ELEMENTS (KOHA)
Koha item type Libro/Book
Holdings
Withdrawn status Lost status Source of classification or shelving scheme Damaged status Not for loan Home library Current library Date acquired Total Checkouts Barcode Date last seen Price effective from Koha item type
    Dewey Decimal Classification     Capulin -- Satellite Capulin -- Satellite 13/09/2016   35100772 13/09/2016 13/09/2016 Libro/Book

Powered by Koha